Classifica Marcatori Mondiali di Calcio 1998 - Statistics

Statistiche generali
  • Questo quiz è stato fatto 60 volte
  • Il punteggio medio è 7 su 13
Statistiche sulle risposte
Gol Nazione Calciatore % Corretto
4 Brasile Ronaldo
96%
5 Italia Christian Vieri
80%
6 Croazia Davor Šuker
76%
5 Argentina Gabriel Omar Batistuta
76%
3 Brasile Rivaldo
73%
3 Francia Thierry Henry
59%
4 Cile Marcelo Salas
53%
4 Messico Luis Hernández
45%
3 Paesi Bassi Dennis Bergkamp
41%
3 Brasile Bebeto
37%
3 Germania Jürgen Klinsmann
31%
3 Germania Oliver Bierhoff
20%
3 Brasile César Sampaio
10%
Nessun quiz corrispondente trovato
Distribuzione punteggi
Percentuale di utenti per punteggio
Percentile per numero di risposta
I tuoi punteggi nel tempo
Non hai fatto questo quiz